El trabajo en el mar los nuevos escenarios juridico-maritimos /

Detalles Bibliográficos
Autor principal: Rodrg̕uez Rodrg̕uez, Emma
Otros Autores: Cabeza Pereiro, Jaime
Formato: Software eBook
Lenguaje:español
Publicado: Albacete: Editorial Bomarzo, 2015
Materias:
Acceso en línea:Acceso restringido

MARC

LEADER 00000nam a22000007a 4500
005 20171122174852.0
007 c||||| ||||
008 171122s2015 sp |||||s|||| 00||0 spa d
020 |a 978-84-16608-05-8 
035 |a 20587 
040 |a vLex 
090 |c 7235  |d 7235 
100 1 |a Rodrg̕uez Rodrg̕uez, Emma 
245 1 2 |a El trabajo en el mar  |h [Recurso electrn̤ico]:   |b los nuevos escenarios juridico-maritimos /  |c Emma Rodrg̕uez Rodrg̕uez; Jaime Cabeza Pereiro 
256 |a Servicio en ln̕ea 
260 |a Albacete:  |b Editorial Bomarzo,  |c 2015 
300 |a 1 recurso electrn̤ico 
506 1 |a Disponible solo en los productos indicados  |d vLex Global  |d vLex Global (Academic Edition, excluding Law Schools)  |d vLex Global (U.S. Academic Edition, Law Schools)  |d vLex Global (U.S. Academic Edition, excluding Law Schools)  |d vLex Global (Academic Edition, Law Schools) 
650 0 4 |a Derecho Laboral  |z Espaą 
650 0 4 |a Seguridad Social  |z Espaą 
700 1 |a Cabeza Pereiro, Jaime 
740 0 |a vLex Libros (Servicio en ln̕ea) 
856 4 0 |u http://vlex.com/source/trabajo-mar-20587  |z Acceso restringido 
942 |c BOOK 
999 0 |a Labor laws and legislation 
999 0 |a Social security